[Event "Piestany Slovakia op-B"]
[Site "Piestany"]
[Date "2022.07.16"]
[Round "7"]
[White "Benci, Jozef1111"]
[Black "Pekarcik, Peter"]
[Result "0-1"]
[WhiteElo "1629"]
[BlackElo "1738"]
[PlyCount "144"]
[EventDate "2022.07.11"]
[EventType "swiss"]
[EventRounds "9"]
[EventCountry "SVK"]
[SourceTitle "CBM 209 Extra"]
[Source "ChessBase"]
[SourceDate "2022.09.30"]
[SourceVersion "1"]
[SourceVersionDate "2022.09.30"]
[SourceQuality "1"]

1. e4 e5 2. Nf3 Nc6 3. Bc4 Be7 4. d4 d6 5. d5 Na5 6. Bd3 b6 7. h3 Nf6 8. c4 0-0 9. 0-0 Bd7 10. Nc3 Nb7 11. Be3 Kh8 12. Nd2 Nc5 13. Bxc5 bxc5 14. f4 exf4 15. Rxf4 g6 16. Rf2 Nh5 17. Ne2 Rb8 18. b3 Bh4 19. Rf3 Qg5 20. Nf1 Qe5 21. Rb1 f5 22. Qc2 Rbe8 23. Qc3 Qxc3 24. Nxc3 Bf6 25. Rc1 Bd4+ 26. Kh1 f4 27. Ne2 Be5 28. Nh2 Kg8 29. Ng4 Bg7 30. Rcf1 g5 31. g3 fxg3 32. Nxg3 Nxg3+ 33. Rxg3 Rxf1+ 34. Bxf1 Rxe4 35. Kg2 h6 36. Nf2 Rd4 37. Bd3 Be5 38. Re3 Kf7 39. Re4 a5 40. Rxd4 cxd4 41. Ng4 Bg7 42. Kf3 c5 43. dxc6 Bxc6+ 44. Be4 Bd7 45. Bd5+ Ke7 46. Ke4 h5 47. Nf2 Be5 48. Kf3 Kf6 49. Be4 Bf4 50. Bd5 Be3 51. Ne4+ Ke5 52. Kg2 d3 53. Nc3 Bf5 54. Bf7 Bd4 55. Nd1 Be4+ 56. Kg3 h4+ 57. Kg4 Kf6 58. Bd5 Bf5+ 59. Kf3 Bxh3 60. Ke4 Bg1 61. Kxd3 Bf5+ 62. Ke2 Ke5 63. Ne3 Bg6 64. a3 Kf4 65. Ng2+ Kg3 66. b4 Bb6 67. Ne3 Bh5+ 68. Kd2 Kf4 69. Nf1 g4 70. Ke2 g3+ 71. Ke1 Bf2+ 72. Kd2 Bf3 0-1

[Event "Piestany Augustus Cup"]
[Site "Piestany"]
[Date "2022.07.15"]
[Round "4"]
[White "Doshi, Moksh Amitbhai"]
[Black "Pekarcik, Peter"]
[Result "1-0"]
[WhiteElo "2210"]
[BlackElo "1779"]
[PlyCount "55"]
[EventDate "2022.07.15"]
[EventType "swiss (rapid)"]
[EventRounds "7"]
[EventCountry "SVK"]
[SourceTitle "CBM 209 Extra"]
[Source "ChessBase"]
[SourceDate "2022.09.30"]
[SourceVersion "1"]
[SourceVersionDate "2022.09.30"]
[SourceQuality "1"]

1. d4 Nf6 2. Nf3 e6 3. Bf4 d5 4. e3 Bd6 5. Nbd2 Bxf4 6. exf4 c5 7. c3 c4 8. b3 b5 9. a4 bxa4 10. bxc4 0-0 11. Qxa4 Nbd7 12. c5 Nh5 13. g3 Qf6 14. Bg2 Qg6 15. 0-0 Ndf6 16. Ne5 Qh6 17. Qc6 g5 18. fxg5 Qxg5 19. Ndf3 Qh6 20. Qxa8 Ba6 21. Qxa7 Be2 22. Rfe1 Bxf3 23. Nxf3 Ne4 24. Qa2 Kh8 25. Qc2 Rg8 26. Rxe4 dxe4 27. Qxe4 f5 28. Qe5+ 1-0

[Event "Piestany Slovakia op-B"]
[Site "Piestany"]
[Date "2022.07.13"]
[Round "4"]
[White "Melih, Mario"]
[Black "Pekarcik, Peter"]
[Result "0-1"]
[WhiteElo "1000"]
[BlackElo "1738"]
[PlyCount "96"]
[EventDate "2022.07.11"]
[EventType "swiss"]
[EventRounds "9"]
[EventCountry "SVK"]
[SourceTitle "CBM 209 Extra"]
[Source "ChessBase"]
[SourceDate "2022.09.30"]
[SourceVersion "1"]
[SourceVersionDate "2022.09.30"]
[SourceQuality "1"]

1. e4 e5 2. Nf3 Nc6 3. Bb5 a6 4. Ba4 Nf6 5. 0-0 b5 6. Bb3 Be7 7. Re1 d6 8. c3 0-0 9. d4 Bg4 10. h3 Bxf3 11. Qxf3 exd4 12. Bf4 Ne5 13. Qd1 dxc3 14. Nxc3 Ng6 15. Bh2 Qc8 16. f4 c6 17. Qf3 Nd7 18. Kh1 Nc5 19. Bc2 b4 20. Nd1 Qd7 21. Ne3 Bf6 22. Nc4 Qc7 23. Rad1 Rad8 24. Bg1 Be7 25. Bh2 f6 26. g4 Kh8 27. Bg3 Qb7 28. Ne3 Rfe8 29. Re2 a5 30. h4 a4 31. h5 b3 32. Bb1 Nf8 33. a3 Nfe6 34. Be1 Nc7 35. Red2 Bf8 36. g5 fxg5 37. h6 gxf4 38. hxg7+ Bxg7 39. Nf5 Nb5 40. Rg2 Be5 41. Rdd2 Rg8 42. Rh2 Rd7 43. Rh3 Ne6 44. Bf2 Ng5 45. Qd3 Nxh3 46. Qxh3 Rg6 47. Bd3 Rd8 48. Be2 Qd7 0-1

[Event "Piestany Slovakia op-B"]
[Site "Piestany"]
[Date "2022.07.12"]
[Round "2"]
[White "Pekarcik, Peter"]
[Black "Hlavac, Tomas"]
[Result "1/2-1/2"]
[WhiteElo "1738"]
[BlackElo "1439"]
[PlyCount "148"]
[EventDate "2022.07.11"]
[EventType "swiss"]
[EventRounds "9"]
[EventCountry "SVK"]
[SourceTitle "CBM 209 Extra"]
[Source "ChessBase"]
[SourceDate "2022.09.30"]
[SourceVersion "1"]
[SourceVersionDate "2022.09.30"]
[SourceQuality "1"]

1. e4 e6 2. d4 d5 3. e5 c5 4. c3 Qb6 5. Qb3 Qxb3 6. axb3 cxd4 7. cxd4 Ne7 8. Na3 a6 9. Nb5 Kd7 10. Nd6 f6 11. Bd2 fxe5 12. dxe5 Ng6 13. Nf7 Rg8 14. f4 Nc6 15. Bb5 Ke8 16. Ng5 h6 17. N5f3 Bd7 18. Bd3 Kf7 19. h4 Bb4 20. Ne2 Bxd2+ 21. Kxd2 Nb4 22. Bb1 Rac8 23. h5 Ne7 24. g4 Rc7 25. Nh4 Rgc8 26. Nd4 Nbc6 27. Ndf3 Nb4 28. Re1 Nc2 29. Bxc2 Rxc2+ 30. Kd1 Rxb2 31. Nd2 Rbc2 32. Nhf3 R2c3 33. Rg1 Nc6 34. g5 hxg5 35. Rxg5 Nb4 36. Nd4 Nd3 37. Ne2 R3c6 38. Nf3 Nf2+ 39. Ke1 Ne4 40. Rg4 Rc2 41. Ned4 Rc1+ 42. Rxc1 Rxc1+ 43. Ke2 Rh1 44. Ng5+ Nxg5 45. Rxg5 Bb5+ 46. Kd2 Rh3 47. Nxb5 axb5 48. Kc2 Rf3 49. Rg4 b4 50. f5 Rxf5 51. Rxb4 Rxe5 52. Rxb7+ Kf6 53. b4 Rxh5 54. b5 Rh8 55. Kd3 g5 56. Kd4 g4 57. Ra7 Rb8 58. Kc5 g3 59. Ra3 Rg8 60. Ra1 Ke7 61. b6 Rc8+ 62. Kb5 Kd6 63. b7 Rb8 64. Kb6 d4 65. Ra8 Rxb7+ 66. Kxb7 Ke5 67. Kc6 d3 68. Ra2 Kf4 69. Kc5 Ke3 70. Rg2 Kf3 71. Rd2 g2 72. Rxd3+ Ke2 73. Rg3 Kf2 74. Rxg2+ Kxg2 1/2-1/2

[Event "Marianske Lazne op 50+"]
[Site "Marianske Lazne"]
[Date "2019.01.22"]
[Round "4"]
[White "Wacker, Manfred"]
[Black "Pekarcik, Peter"]
[Result "0-1"]
[WhiteElo "1670"]
[BlackElo "1000"]
[PlyCount "66"]
[EventDate "2019.01.19"]
[EventType "swiss"]
[EventRounds "9"]
[EventCountry "CZE"]
[SourceTitle "CBM 188 Extra"]
[Source "ChessBase"]
[SourceDate "2019.02.26"]
[SourceVersion "1"]
[SourceVersionDate "2019.02.26"]
[SourceQuality "1"]

1. d4 Nf6 2. c4 e6 3. g3 c5 4. Nf3 d5 5. cxd5 Nxd5 6. Bg2 Nc6 7. 0-0 Be7 8. Nc3 Nf6 9. dxc5 Qa5 10. Na4 Bd7 11. a3 Nd8 12. Nc3 Qxc5 13. Be3 Qf5 14. Rc1 0-0 15. b4 a5 16. Nd4 Qh5 17. Bf3 Qg6 18. Qb3 axb4 19. axb4 e5 20. Nc2 e4 21. Bg2 Be6 22. Qb1 Nd5 23. Bxe4 Nxc3 24. Bxg6 Nxb1 25. Bxh7+ Kxh7 26. Rxb1 Ra2 27. Nd4 Bc4 28. Rfe1 b5 29. Nf5 Nc6 30. Nxe7 Nxe7 31. Bc5 Re8 32. e3 Nd5 33. Red1 Nc3 0-1